[Event "8th EUR-ch"]
[Site "Dresden GER"]
[Date "2007.04.14"]
[Round "11.68"]
[White "Balogh, Csaba"]
[Black "Polak, Tomas"]
[Result "1/2-1/2"]
[WhiteElo "2617"]
[BlackElo "2510"]
[EventDate "2007.04.03"]
[PlyCount "83"]

1.e4 e5 2.Nf3 Nf6 3.d4 Nxe4 4.Bd3 Nc6 5.dxe5 d5 6.O-O Be7 7.Nc3 Bf5 8.Qe2 
Nxc3 9.bxc3 Bxd3 10.Qxd3 Qd7 11.Rb1 b6 12.Re1 O-O 13.Rb5 Rad8 14.Ng5 Bxg5 
15.Bxg5 a6 16.Rbb1 Rde8 17.f4 h6 18.Bh4 Qg4 19.Bg3 Ne7 20.h3 Qf5 21.Qxf5 
Nxf5 22.Bf2 h5 23.Rbd1 h4 24.Rxd5 Re6 25.c4 Rc6 26.Re4 Rb8 27.Kf1 b5 28.c5
b4 29.Ke2 Rb5 30.Kf3 Ra5 31.Rxb4 Rxa2 32.Rd2 a5 33.Rb7 Kh7 34.Rd7 Kg6 35.
Rdxc7 Rxc7 36.Rxc7 Rxc2 37.Ra7 Rc3+ 38.Ke2 Rc2+ 39.Kf3 Rc3+ 40.Ke2 Rc2+ 
41.Ke1 Ng3 42.Bxg3 1/2-1/2

[Event "8th EUR-ch"]
[Site "Dresden GER"]
[Date "2007.04.14"]
[Round "11.70"]
[White "Nijboer, Friso"]
[Black "Pert, Nicholas"]
[Result "1/2-1/2"]
[WhiteElo "2606"]
[BlackElo "2525"]
[EventDate "2007.04.03"]
[PlyCount "34"]

1.e4 e6 2.d4 d5 3.Nc3 Bb4 4.e5 c5 5.a3 Bxc3+ 6.bxc3 Ne7 7.Qg4 Qc7 8.Qxg7 
Rg8 9.Qxh7 cxd4 10.Ne2 Nbc6 11.f4 Bd7 12.Qd3 dxc3 13.Nxc3 a6 14.Rb1 Na5 
15.h4 Nf5 16.Rh3 O-O-O 17.h5 Qc5 1/2-1/2

[Event "8th EUR-ch"]
[Site "Dresden GER"]
[Date "2007.04.14"]
[Round "11.72"]
[White "Erdos, Viktor"]
[Black "Popov, Valerij"]
[Result "1-0"]
[WhiteElo "2518"]
[BlackElo "2589"]
[EventDate "2007.04.03"]
[PlyCount "40"]

1.d4 d5 2.c4 e6 3.Nc3 c6 4.Nf3 dxc4 5.Bg5 Qc7 6.g3 Bd6 7.e4 b5 8.a4 Bb4 9.
Bg2 Nf6 10.O-O Bb7 11.Bxf6 gxf6 12.axb5 O-O 13.e5 f5 14.g4 Bxc3 15.bxc3 
Kh8 16.Ng5 Rg8 17.f4 h6 18.gxf5 exf5 19.Ra2 hxg5 20.Qh5+ Kg7 1-0

[Event "8th EUR-ch"]
[Site "Dresden GER"]
[Date "2007.04.14"]
[Round "11.74"]
[White "Markowski, Tomasz"]
[Black "Kanep, Meelis"]
[Result "1/2-1/2"]
[WhiteElo "2584"]
[BlackElo "2508"]
[EventDate "2007.04.03"]
[PlyCount "63"]

1.Nf3 Nf6 2.c4 c6 3.Nc3 d5 4.e3 a6 5.b3 Bg4 6.Be2 Nbd7 7.h3 Bxf3 8.Bxf3 e6
9.Bb2 Ne5 10.Be2 dxc4 11.bxc4 Nd3+ 12.Bxd3 Qxd3 13.Qe2 Qxe2+ 14.Kxe2 b5 
15.Rhc1 Be7 16.d3 Rb8 17.cxb5 cxb5 18.Ne4 Kd7 19.Nc5+ Bxc5 20.Rxc5 Rhc8 
21.Rac1 Ne8 22.g4 Rxc5 23.Rxc5 Rc8 24.Rxc8 Kxc8 25.f4 g6 26.Kf3 Kd7 27.Ke4
Nc7 28.Bc3 Nd5 29.Bd2 Kd6 30.g5 Nb6 31.Kd4 Kc6 32.e4 1/2-1/2

[Event "8th EUR-ch"]
[Site "Dresden GER"]
[Date "2007.04.14"]
[Round "11.75"]
[White "Kempinski, Robert"]
[Black "Starostits, Ilmars"]
[Result "1/2-1/2"]
[WhiteElo "2579"]
[BlackElo "2507"]
[EventDate "2007.04.03"]
[PlyCount "35"]

1.c4 e6 2.d4 Nf6 3.Nf3 b6 4.g3 Ba6 5.Nbd2 c5 6.Bg2 Bb7 7.dxc5 bxc5 8.O-O 
Qb6 9.Re1 Nc6 10.e4 d6 11.e5 Nxe5 12.Nxe5 dxe5 13.Rxe5 Bxg2 14.Kxg2 Be7 
15.Qf3 O-O 16.Re3 Rab8 17.Rb3 Qc7 18.Ne4 1/2-1/2

[Event "8th EUR-ch"]
[Site "Dresden GER"]
[Date "2007.04.14"]
[Round "11.77"]
[White "Iotov, Valentin"]
[Black "Azarov, Sergei"]
[Result "1-0"]
[WhiteElo "2491"]
[BlackElo "2571"]
[EventDate "2007.04.03"]
[PlyCount "85"]

1.d4 Nf6 2.c4 e6 3.Nc3 Bb4 4.e3 O-O 5.Bd3 d5 6.Nf3 c5 7.O-O cxd4 8.exd4 
dxc4 9.Bxc4 b6 10.Bg5 Bb7 11.Qd3 Be7 12.Rad1 Nc6 13.a3 h6 14.Be3 Na5 15.
Ba2 Rc8 16.Ne5 Nc6 17.f4 Qc7 18.Bb1 Rfd8 19.Qe2 Bf8 20.g4 Nxe5 21.fxe5 Nd5
22.Nxd5 Bxd5 23.g5 Bc4 24.Qc2 g6 25.Rf6 Bg7 26.Qf2 hxg5 27.Bxg5 Ba6 28.Rf3
Bb7 29.Bxd8 Qxd8 30.Rxf7 Qg5+ 31.Kf1 Qg4 32.Ke1 Ba6 33.Rf4 Qh5 34.Ba2 Rc6 
35.Rf3 Qg4 36.Qg3 Qe4+ 37.Re3 Qf5 38.Qf3 Qg5 39.Qg3 Qf5 40.Bb1 Qf1+ 41.Kd2
Qc4 42.Bxg6 Rc8 43.Qh4 1-0

[Event "8th EUR-ch"]
[Site "Dresden GER"]
[Date "2007.04.14"]
[Round "11.78"]
[White "Khismatullin, Denis"]
[Black "Wells, Peter"]
[Result "0-1"]
[WhiteElo "2570"]
[BlackElo "2499"]
[EventDate "2007.04.03"]
[PlyCount "78"]

1.d4 Nf6 2.c4 e6 3.Nc3 Bb4 4.Qc2 O-O 5.a3 Bxc3+ 6.Qxc3 b6 7.Bg5 Bb7 8.Nf3 
d6 9.Nd2 Nbd7 10.f3 Rc8 11.e4 c5 12.dxc5 Rxc5 13.Be3 Rc8 14.Be2 Qc7 15.Bd4
Qb8 16.Qe3 e5 17.Bc3 Nc5 18.a4 a5 19.O-O Qc7 20.Rfd1 Rfd8 21.b3 Nfd7 22.
Rab1 Ne6 23.Nf1 Nf4 24.g3 Nxe2+ 25.Qxe2 f5 26.exf5 d5 27.Nd2 Qc5+ 28.Kg2 
d4 29.Bb2 Nf6 30.Re1 e4 31.fxe4 Qxf5 32.Rf1 Qg6 33.Rbe1 Re8 34.Rf4 Nxe4 
35.Nxe4 Rxe4 36.Qxe4 Bxe4+ 37.Rexe4 Re8 38.Rxe8+ Qxe8 39.Bxd4 g5 0-1

[Event "8th EUR-ch"]
[Site "Dresden GER"]
[Date "2007.04.14"]
[Round "11.79"]
[White "Erdogdu, Mert"]
[Black "Stocek, Jiri"]
[Result "1/2-1/2"]
[WhiteElo "2401"]
[BlackElo "2567"]
[EventDate "2007.04.03"]
[PlyCount "153"]

1.e4 c5 2.Nf3 d6 3.d4 cxd4 4.Nxd4 Nf6 5.Nc3 a6 6.Be3 e5 7.Nb3 Be6 8.f3 h5 
9.Be2 Nbd7 10.Nd5 Bxd5 11.exd5 Rc8 12.c4 Be7 13.Qd2 e4 14.f4 Ng4 15.Bd4 
O-O 16.O-O Bf6 17.h3 e3 18.Qd3 Bxd4 19.Qxd4 Ngf6 20.Rf3 Re8 21.Rxe3 Rxe3 
22.Qxe3 Nc5 23.Nxc5 Rxc5 24.Bd3 Rc8 25.Re1 Qa5 26.Bf5 Rf8 27.a3 Qa4 28.Qd4
Re8 29.Rxe8+ Qxe8 30.Kf2 Qd8 31.b4 h4 32.Be4 Qe8 33.Bf3 Qa4 34.Qd3 b6 35.
Ke3 Qe8+ 36.Kd2 a5 37.Qe3 Qd8 38.bxa5 bxa5 39.c5 dxc5 40.Qxc5 Ne8 41.Qe3 
Nd6 42.Ke2 g6 43.Kf1 Qb8 44.Qc3 Qb6 45.Ke2 a4 46.Kd2 Qf2+ 47.Kd3 Qf1+ 48.
Kc2 Qf2+ 49.Kd3 Nf5 50.Kc4 Qb6 51.Qb4 Nd6+ 52.Kd3 Qa6+ 53.Kd2 Nf5 54.Be4 
Qf1 55.Bxf5 Qxg2+ 56.Kc3 gxf5 57.d6 Qxh3+ 58.Kd4 Qf3 59.Kc5 Qd1 60.Qc3 h3 
61.Qxh3 Qc2+ 62.Kb6 Qb2+ 63.Kc7 Qc1+ 64.Kd8 Qxf4 65.Qg2+ Kf8 66.Qc6 Qe5 
67.Kc8 Qe6+ 68.Kc7 Qe5 69.Kb7 f4 70.Qc8+ Kg7 71.d7 Qb5+ 72.Kc7 Qc5+ 73.Kb8
Qb6+ 74.Qb7 Qd8+ 75.Qc8 Qb6+ 76.Ka8 Qa5+ 77.Kb7 1/2-1/2

[Event "8th EUR-ch"]
[Site "Dresden GER"]
[Date "2007.04.14"]
[Round "11.81"]
[White "Oleksienko, Mikhailo"]
[Black "Jakubowski, Krzysztof"]
[Result "1-0"]
[WhiteElo "2560"]
[BlackElo "2471"]
[EventDate "2007.04.03"]
[PlyCount "101"]

1.e4 c5 2.Nf3 d6 3.d4 cxd4 4.Nxd4 Nf6 5.Nc3 a6 6.Be2 e5 7.Nb3 Be7 8.O-O 
O-O 9.Qd3 Be6 10.Nd5 Bxd5 11.exd5 Nbd7 12.Be3 Ne8 13.Qd2 g6 14.Na5 Qc8 15.
b4 f5 16.f3 Bd8 17.Nb3 f4 18.Bf2 Bb6 19.c4 Bxf2+ 20.Rxf2 b6 21.Rc1 Qd8 22.
a4 a5 23.c5 axb4 24.cxd6 Rxa4 25.Bb5 Ra7 26.Qxb4 Rf6 27.Rc6 Qb8 28.Nd2 
Nxd6 29.Nc4 Ra1+ 30.Rf1 Rxf1+ 31.Kxf1 Nxc4 32.Qxc4 Qa7 33.Rc8+ Nf8 34.d6+ 
Rf7 35.Qc3 Kg7 36.Bc4 Nd7 37.Rc7 Qa4 38.Qb3 Qa1+ 39.Ke2 Qg1 40.Bxf7 Qxg2+ 
41.Kd1 Kh6 42.Rxd7 Qf1+ 43.Kc2 Qe2+ 44.Kc1 Qe1+ 45.Kb2 Qe2+ 46.Ka3 Qa6+ 
47.Qa4 Qf1 48.Kb2 Qe2+ 49.Qc2 Qb5+ 50.Bb3 Qxd7 51.Qc7 1-0

[Event "8th EUR-ch"]
[Site "Dresden GER"]
[Date "2007.04.14"]
[Round "11.83"]
[White "Womacka, Mathias"]
[Black "Godena, Michele"]
[Result "1/2-1/2"]
[WhiteElo "2460"]
[BlackElo "2558"]
[EventDate "2007.04.03"]
[PlyCount "51"]

1.e4 e5 2.Nf3 Nc6 3.Bb5 Nf6 4.O-O Bc5 5.c3 O-O 6.d4 Bb6 7.Bg5 h6 8.Bh4 d6 
9.Qd3 Qe7 10.Nbd2 Nb8 11.Nc4 c6 12.Nxb6 axb6 13.Bc4 b5 14.Bb3 Nbd7 15.Rfe1
Re8 16.Rad1 Nf8 17.dxe5 dxe5 18.Qd6 Qxd6 19.Rxd6 Nh5 20.a3 Be6 21.Bxe6 
Nxe6 22.Nxe5 Nc5 23.Nd3 Nxe4 24.Rd4 Nc5 25.Rxe8+ Rxe8 26.Kf1 1/2-1/2

[Event "8th EUR-ch"]
[Site "Dresden GER"]
[Date "2007.04.14"]
[Round "11.88"]
[White "Potkin, Vladimir"]
[Black "Handke, Florian"]
[Result "1/2-1/2"]
[WhiteElo "2593"]
[BlackElo "2459"]
[EventDate "2007.04.03"]
[PlyCount "49"]

1.d4 d5 2.c4 c6 3.Nf3 Nf6 4.e3 a6 5.Nc3 e6 6.b3 c5 7.cxd5 exd5 8.Bb2 Nc6 
9.Be2 cxd4 10.Nxd4 Bd6 11.O-O O-O 12.Rc1 Ne5 13.Qc2 Re8 14.Nf5 Bb8 15.Rfd1
Be6 16.Bf1 Nfg4 17.h3 Qc7 18.Ng3 Nxe3 19.fxe3 Ng4 20.Nce2 Qxc2 21.Rxc2 
Nxe3 22.Rcd2 Nxd1 23.Rxd1 f6 24.Kf2 Bf7 25.Nd4 1/2-1/2

[Event "8th EUR-ch"]
[Site "Dresden GER"]
[Date "2007.04.14"]
[Round "11.91"]
[White "Palac, Mladen"]
[Black "Loeffler, Stefan"]
[Result "1-0"]
[WhiteElo "2568"]
[BlackElo "2448"]
[EventDate "2007.04.03"]
[PlyCount "77"]

1.d4 Nf6 2.c4 c6 3.Nc3 d5 4.e3 Qb6 5.Qc2 g6 6.cxd5 Bg7 7.dxc6 Nxc6 8.a3 
O-O 9.f4 Rd8 10.Nf3 Bg4 11.Bc4 Bxf3 12.gxf3 e6 13.Ba2 Nd5 14.O-O Nce7 15.
Kh1 Rac8 16.Qd3 Rc6 17.Rb1 Qa5 18.Ne2 b5 19.Bd2 Qb6 20.Nc3 b4 21.Nxd5 Nxd5
22.Bxd5 Rxd5 23.Bxb4 a5 24.Bd2 e5 25.fxe5 Bxe5 26.Qe4 Qb5 27.f4 Bf6 28.a4 
Re6 29.Qxe6 Qxf1+ 30.Rxf1 fxe6 31.Rc1 Bd8 32.Rc5 Kf7 33.b4 axb4 34.Rxd5 
exd5 35.Bxb4 Ke6 36.a5 Kd7 37.a6 Bb6 38.Bc5 Kc6 39.a7 1-0

[Event "8th EUR-ch"]
[Site "Dresden GER"]
[Date "2007.04.14"]
[Round "11.92"]
[White "Marzolo, Cyril"]
[Black "Brkic, Ante"]
[Result "1/2-1/2"]
[WhiteElo "2459"]
[BlackElo "2567"]
[EventDate "2007.04.03"]
[PlyCount "59"]

1.d4 Nf6 2.c4 g6 3.Nc3 d5 4.Nf3 Bg7 5.cxd5 Nxd5 6.e4 Nxc3 7.bxc3 c5 8.Rb1 
O-O 9.Be2 Nc6 10.d5 Ne5 11.Nxe5 Bxe5 12.Qd2 e6 13.f4 Bc7 14.O-O exd5 15.
exd5 Ba5 16.d6 b6 17.Bf3 Rb8 18.Ba3 Qf6 19.Bb4 Bf5 20.Rbc1 c4 21.Bxa5 bxa5
22.Be2 Bd3 23.Bxd3 Qxd6 24.Rcd1 Rfd8 25.f5 Qb6+ 26.Kh1 Rxd3 27.Qf4 Rxd1 
28.Rxd1 Rd8 29.Rxd8+ Qxd8 30.h3 1/2-1/2

[Event "8th EUR-ch"]
[Site "Dresden GER"]
[Date "2007.04.14"]
[Round "11.94"]
[White "Novikov, Stanislav"]
[Black "Zeller, Frank"]
[Result "1-0"]
[WhiteElo "2556"]
[BlackElo "2429"]
[EventDate "2007.04.03"]
[PlyCount "55"]

1.g3 Nf6 2.Bg2 e5 3.d3 d5 4.c3 a5 5.Nf3 Nc6 6.O-O Be7 7.Qc2 h6 8.Nbd2 Be6 
9.b3 O-O 10.Bb2 Nd7 11.e4 dxe4 12.dxe4 a4 13.b4 a3 14.Bc1 Na7 15.Bxa3 c5 
16.bxc5 Qc7 17.Rfb1 Nb5 18.Rxb5 Rxa3 19.Qb2 Ra7 20.c4 Bxc5 21.Bf1 f5 22.
Bh3 Qd6 23.exf5 Bxf5 24.Bxf5 Rxf5 25.Ne4 Qe7 26.Nh4 Rxf2 27.Nxf2 Bd4 28.
Nf5 1-0

[Event "8th EUR-ch"]
[Site "Dresden GER"]
[Date "2007.04.14"]
[Round "11.97"]
[White "Smeets, Jan"]
[Black "Swinkels, Robin"]
[Result "0-1"]
[WhiteElo "2552"]
[BlackElo "2422"]
[EventDate "2007.04.03"]
[PlyCount "190"]

1.e4 c5 2.Nf3 d6 3.d4 cxd4 4.Nxd4 Nf6 5.f3 e5 6.Nb3 d5 7.exd5 Nxd5 8.a3 
Nc6 9.c4 Nb6 10.Qxd8+ Kxd8 11.Be3 Na4 12.Ra2 Be6 13.Nc1 Bc5 14.Kf2 Bxe3+ 
15.Kxe3 Nd4 16.b3 Nc5 17.Rb2 Ke7 18.Nc3 a5 19.Bd3 Rhd8 20.Rd1 Ra6 21.Rdd2 
Rad6 22.Be4 Rb6 23.Na4 Nxa4 24.bxa4 Rxb2 25.Rxb2 Bxc4 26.Rxb7+ Rd7 27.
Rxd7+ Kxd7 28.f4 Kd6 29.Bxh7 g6 30.fxe5+ Kxe5 31.Nd3+ Kd5 32.Nf4+ Kc5 33.
Ke4 Nc2 34.h4 Kd6 35.g4 Nxa3 36.h5 gxh5 37.gxh5 Ke7 38.h6 Kf8 39.Nd5 Bb3 
40.Nb6 Bc2+ 41.Kd4 Bxh7 42.Kc3 Bf5 43.Kb2 Nc2 44.Nc4 Nb4 45.Nxa5 Na6 46.
Nc6 Be4 47.Ne5 f6 48.Ng4 Kf7 49.Kc3 Bf5 50.Ne3 Be6 51.Ng2 Kg8 52.Nf4 Bf7 
53.Kd4 Kh7 54.Ke4 Kxh6 55.Kf5 Kg7 56.a5 Nc5 57.Ne2 Be6+ 58.Kf4 Bc4 59.Nc3 
Nb3 60.Ne4 Nxa5 61.Nxf6 Kxf6 62.Ke4 Nb3 63.Kf4 Bd3 64.Ke3 Bc2 65.Kf4 Bf5 
66.Kg3 Ke5 67.Kh4 Kf4 68.Kh5 Nd4 69.Kh6 Ne6 70.Kh5 Be4 71.Kh6 Kf5 72.Kh5 
Bf3+ 73.Kh6 Kf6 74.Kh7 Ng5+ 75.Kg8 Nf7 76.Kf8 Bc6 77.Kg8 Be4 78.Kf8 Bh7 
79.Ke8 Ne5 80.Kd8 Ke6 81.Kc7 Nd7 82.Kc6 Bd3 83.Kc7 Be4 84.Kd8 Kd6 85.Ke8 
Bg6+ 86.Kd8 Nc5 87.Kc8 Bh5 88.Kd8 Nb7+ 89.Kc8 Kc6 90.Kb8 Kb6 91.Kc8 Bg4+ 
92.Kb8 Nc5 93.Ka8 Bd7 94.Kb8 Na6+ 95.Ka8 Bc6# 0-1

[Event "8th EUR-ch"]
[Site "Dresden GER"]
[Date "2007.04.14"]
[Round "11.100"]
[White "Landenbergue, Claude"]
[Black "Heberla, Bartlomiej"]
[Result "1-0"]
[WhiteElo "2435"]
[BlackElo "2533"]
[EventDate "2007.04.03"]
[PlyCount "57"]

1.e4 c5 2.c3 d6 3.d4 Nf6 4.Bd3 g6 5.Nf3 Bg7 6.h3 O-O 7.O-O Nc6 8.d5 Na5 9.
c4 a6 10.Nc3 Bd7 11.Re1 e5 12.a3 b6 13.b4 Nb7 14.Rb1 Ne8 15.Bg5 f6 16.Bd2 
f5 17.Ng5 Nc7 18.exf5 gxf5 19.Qh5 h6 20.Ne6 Nxe6 21.dxe6 Bxe6 22.Bxh6 Bxh6
23.Qg6+ Bg7 24.Qxe6+ Kh8 25.Bxf5 Qg5 26.Bg4 cxb4 27.axb4 a5 28.Ne4 Qh6 29.
Qd5 1-0

[Event "8th EUR-ch"]
[Site "Dresden GER"]
[Date "2007.04.14"]
[Round "11.104"]
[White "Kuba, Guenter"]
[Black "Winants, Luc"]
[Result "1/2-1/2"]
[WhiteElo "2403"]
[BlackElo "2524"]
[EventDate "2007.04.03"]
[PlyCount "95"]

1.e4 e5 2.Nf3 Nc6 3.Bc4 Bc5 4.c3 Nf6 5.d3 d6 6.Bb3 a6 7.O-O O-O 8.h3 h6 9.
Re1 Re8 10.Nbd2 Be6 11.Bxe6 fxe6 12.Nf1 Rf8 13.Qb3 Qd7 14.Ng3 Kh8 15.Be3 
Bxe3 16.fxe3 d5 17.Rad1 b6 18.d4 Nxe4 19.Nxe4 dxe4 20.Nxe5 Nxe5 21.dxe5 
Qc6 22.Rd4 Rf5 23.Qc4 Qxc4 24.Rxc4 c5 25.Rxe4 Rd8 26.Re2 Rd1+ 27.Kh2 Rd3 
28.Rc2 Rd5 29.Kg3 Kg8 30.Rf4 Rfxe5 31.Kf3 Rd1 32.Ke2 Red5 33.b4 Rb1 34.Kf2
b5 35.bxc5 Rxc5 36.Ke2 Ra1 37.Kd3 Rd5+ 38.Rd4 Kf7 39.c4 Rxd4+ 40.Kxd4 bxc4
41.Kxc4 Kf6 42.Kd4 Rd1+ 43.Ke4 Rd5 44.a4 Re5+ 45.Kf3 Rf5+ 46.Ke4 Re5+ 47.
Kf3 Rf5+ 48.Ke4 1/2-1/2

[Event "8th EUR-ch"]
[Site "Dresden GER"]
[Date "2007.04.14"]
[Round "11.105"]
[White "Shengelia, Davit"]
[Black "Danilov, Ilie-Vladimir"]
[Result "1/2-1/2"]
[WhiteElo "2523"]
[BlackElo "2405"]
[EventDate "2007.04.03"]
[PlyCount "113"]

1.d4 d5 2.Nf3 c6 3.c4 e6 4.e3 Nf6 5.Bd3 Nbd7 6.O-O Bd6 7.Nbd2 O-O 8.e4 
dxe4 9.Nxe4 Nxe4 10.Bxe4 h6 11.b3 e5 12.Bb2 exd4 13.Qxd4 Qf6 14.Rad1 Qxd4 
15.Nxd4 Nf6 16.Bf5 Be5 17.Bxc8 Raxc8 18.f4 Bxd4+ 19.Bxd4 Rfe8 20.Kf2 Ng4+ 
21.Kg3 Ne3 22.Bxe3 Rxe3+ 23.Rf3 Re7 24.f5 f6 25.Kh4 Kf7 26.Kh5 Rce8 27.g4 
Rg8 28.h4 Rge8 29.Rfd3 Re4 30.Rd7+ R8e7 31.c5 a6 32.Rd8 Re8 33.a4 Rxd8 34.
Rxd8 Re8 35.Rd4 Re5 36.Rb4 Re7 37.Rb6 Rd7 38.b4 Rc7 39.b5 axb5 40.axb5 
cxb5 41.Rxb5 Re7 42.Ra5 Rc7 43.Ra7 Re7 44.Ra8 Rc7 45.Rb8 Rd7 46.Rc8 Re7 
47.Rd8 Rc7 48.Rd6 Re7 49.g5 hxg5 50.hxg5 fxg5 51.Kxg5 Rc7 52.Rd5 Re7 53.
Kf4 g6 54.fxg6+ Kxg6 55.Re5 Kf7 56.Rh5 Ke8 57.Rd5 1/2-1/2

[Event "8th EUR-ch"]
[Site "Dresden GER"]
[Date "2007.04.14"]
[Round "11.106"]
[White "Romanov, Evgeny"]
[Black "Spiess, Gunter"]
[Result "1-0"]
[WhiteElo "2520"]
[BlackElo "2398"]
[EventDate "2007.04.03"]
[PlyCount "153"]

1.d4 d5 2.c4 c6 3.Nf3 Nf6 4.Nc3 a6 5.g3 Nbd7 6.cxd5 cxd5 7.Bg2 b5 8.O-O e6
9.Bf4 Bb7 10.Rc1 Rc8 11.Qd3 Be7 12.Nb1 O-O 13.Nbd2 Qb6 14.h3 Rxc1 15.Rxc1 
Rc8 16.Rxc8+ Bxc8 17.Qc3 Bb7 18.Bc7 Qc6 19.Qxc6 Bxc6 20.Ne5 Nxe5 21.dxe5 
Nd7 22.Nb3 Nc5 23.Nd4 Bd7 24.Ba5 Nb7 25.Bb6 Nc5 26.b3 Ne4 27.Ba5 f6 28.
exf6 Bxf6 29.e3 Kf7 30.h4 e5 31.Nc2 Bc6 32.Nb4 Bb7 33.Nd3 d4 34.Bc7 dxe3 
35.fxe3 Ke6 36.b4 Bd5 37.a3 Nc3 38.Bh3+ Ke7 39.Nxe5 Nb1 40.Bf5 Nxa3 41.
Bxh7 Bb3 42.Bf5 Nc2 43.Nc6+ Kf7 44.Kf2 Bc3 45.Bd6 Be1+ 46.Ke2 Bc4+ 47.Kf3 
Bd5+ 48.Kf4 Bxc6 49.Bxc2 a5 50.bxa5 Bxa5 51.Bb3+ Kg6 52.g4 Bc3 53.h5+ Kh7 
54.g5 Be8 55.Bc2+ Kg8 56.g6 Bd7 57.Bb3+ Kh8 58.e4 Bd2+ 59.Kf3 Bc3 60.e5 b4
61.e6 Bxe6 62.Bxe6 b3 63.Bf5 b2 64.Bb1 Bf6 65.Ke4 Bc3 66.Kd5 Kg8 67.Be5 
Bd2 68.Bxb2 Be3 69.Ke6 Kf8 70.Ba3+ Kg8 71.Kd7 Bd4 72.Ke8 Be5 73.Bf8 Bd4 
74.Ba2+ Kh8 75.Kf7 Bc3 76.h6 gxh6 77.g7+ 1-0

[Event "8th EUR-ch"]
[Site "Dresden GER"]
[Date "2007.04.14"]
[Round "11.107"]
[White "Butnorius, Algimantas"]
[Black "Jenni, Florian"]
[Result "0-1"]
[WhiteElo "2402"]
[BlackElo "2518"]
[EventDate "2007.04.03"]
[PlyCount "90"]

1.d4 Nf6 2.Nf3 e6 3.c4 b6 4.Nc3 Bb4 5.Bg5 h6 6.Bh4 g5 7.Bg3 Ne4 8.Qc2 
Bxc3+ 9.bxc3 Nxg3 10.hxg3 Bb7 11.e3 d6 12.Bd3 Nd7 13.Be4 Bxe4 14.Qxe4 Nf6 
15.Qc2 Ke7 16.e4 Qg8 17.e5 Nd7 18.exd6+ cxd6 19.O-O Qg6 20.Qa4 Rhc8 21.
Rad1 Rc7 22.Qa3 Qf5 23.d5 e5 24.Rfe1 Qf6 25.Nd4 Nc5 26.Nc6+ Kf8 27.Qb4 Kg7
28.a4 h5 29.a5 Rb7 30.Qa3 Rh8 31.axb6 axb6 32.Qb2 h4 33.g4 Qf4 34.Qe2 f5 
35.gxf5 Qxf5 36.Nb4 h3 37.g4 Qf4 38.Nc2 Rf7 39.Ne3 Ne4 40.Nf5+ Rxf5 41.
gxf5 Nxc3 42.Qe3 Nxd1 43.Qxf4 exf4 44.Rxd1 Kf6 45.Re1 g4 0-1

[Event "8th EUR-ch"]
[Site "Dresden GER"]
[Date "2007.04.14"]
[Round "11.109"]
[White "Rocha, Sergio"]
[Black "Sorokin, Maxim"]
[Result "1/2-1/2"]
[WhiteElo "2400"]
[BlackElo "2517"]
[EventDate "2007.04.03"]
[PlyCount "85"]

1.e4 e5 2.Nf3 Nc6 3.Bb5 a6 4.Ba4 Nf6 5.O-O b5 6.Bb3 Bc5 7.c3 d6 8.d4 Bb6 
9.a4 Rb8 10.Na3 O-O 11.Re1 Bg4 12.axb5 axb5 13.Nxb5 Bxf3 14.gxf3 Nh5 15.
Kh1 Qf6 16.Be3 exd4 17.cxd4 Ne7 18.Rg1 Nf4 19.Rg3 Neg6 20.Bc4 c6 21.Nc3 c5
22.e5 Qf5 23.dxc5 dxc5 24.Ne4 Ne6 25.Bxe6 fxe6 26.Nxc5 Nxe5 27.b4 Rbd8 28.
Qg1 Nxf3 29.Qg2 Bxc5 30.Bxc5 Rf7 31.Rf1 h6 32.Be3 Kh7 33.Rg4 e5 34.b5 Qd3 
35.b6 Qe2 36.Rg1 Rdd7 37.Ra4 Nxg1 38.Qe4+ g6 39.Kxg1 Rd1+ 40.Kg2 Qf1+ 41.
Kg3 Qe2 42.Kg2 Rf1 43.Qh4 1/2-1/2

[Event "8th EUR-ch"]
[Site "Dresden GER"]
[Date "2007.04.14"]
[Round "11.110"]
[White "Degtiarev, Evgeny"]
[Black "Berescu, Alin"]
[Result "1-0"]
[WhiteElo "2391"]
[BlackElo "2514"]
[EventDate "2007.04.03"]
[PlyCount "131"]

1.d4 Nf6 2.c4 e6 3.Nf3 Bb4+ 4.Nbd2 b6 5.a3 Bxd2+ 6.Qxd2 Bb7 7.e3 d6 8.Be2 
Nbd7 9.b4 O-O 10.Bb2 Ne4 11.Qc2 c5 12.O-O Rc8 13.Nd2 Nxd2 14.Qxd2 Qg5 15.
d5 exd5 16.f4 Qe7 17.cxd5 Nf6 18.Bxf6 Qxf6 19.e4 Rfe8 20.Bg4 Rcd8 21.bxc5 
bxc5 22.Rab1 Ba6 23.Rfe1 c4 24.Qe3 Qe7 25.Bf3 f6 26.Qd4 Qc7 27.Bg4 Rb8 28.
Rbc1 Qb6 29.Qxb6 Rxb6 30.Be6+ Kf8 31.e5 fxe5 32.fxe5 Ke7 33.Bf5 dxe5 34.
Rxe5+ Kd8 35.Rxe8+ Kxe8 36.Bxh7 Ke7 37.Kf2 Kd6 38.Be4 Ke5 39.Bf3 Rb2+ 40.
Kg3 Rb6 41.h4 Kd4 42.Rd1+ Kc5 43.Kf4 c3 44.Be4 Be2 45.Re1 Bc4 46.Rc1 Kd4 
47.Rd1+ Kc5 48.Ke5 Rd6 49.Rc1 Rd8 50.Rxc3 Re8+ 51.Kf5 Kd4 52.Rxc4+ Kxc4 
53.d6 Kd4 54.d7 Rf8+ 55.Ke6 Kxe4 56.Ke7 Rh8 57.d8=Q Rxd8 58.Kxd8 Kf4 59.a4
Kg3 60.a5 Kxg2 61.Kc7 Kg3 62.h5 Kg4 63.Kb7 Kxh5 64.Kxa7 g5 65.a6 g4 66.Kb7
1-0

[Event "8th EUR-ch"]
[Site "Dresden GER"]
[Date "2007.04.14"]
[Round "11.111"]
[White "Vehi Bach, Victor"]
[Black "Dgebuadze, Alexandre"]
[Result "0-1"]
[WhiteElo "2377"]
[BlackElo "2510"]
[EventDate "2007.04.03"]
[PlyCount "108"]

1.e4 e6 2.d4 d5 3.Nc3 Bb4 4.e5 c5 5.a3 Bxc3+ 6.bxc3 Nc6 7.Qg4 g6 8.a4 Bd7 
9.h4 Qc7 10.Bd2 f5 11.Qf4 h6 12.Nf3 c4 13.g4 fxg4 14.Qxg4 Nge7 15.h5 g5 
16.Ng1 O-O-O 17.f4 gxf4 18.Ne2 Rhg8 19.Qf3 Nf5 20.Bh3 Nce7 21.Bxf5 Nxf5 
22.Bxf4 Rdf8 23.a5 Be8 24.Kd2 Rf7 25.Rhg1 Rxg1 26.Nxg1 Rg7 27.Ne2 Qf7 28.
Rh1 Qg8 29.Rh2 Ba4 30.Rh1 a6 31.Ra1 Be8 32.Rh1 Bf7 33.Rh3 Rg2 34.Rh1 Be8 
35.Rh3 b6 36.axb6 Kb7 37.Rh1 a5 38.Rb1 Rg4 39.Rh1 a4 40.Kc1 a3 41.Kd2 Rg2 
42.Qh3 Ba4 43.Qf3 Be8 44.Qh3 Bb5 45.Rb1 Kxb6 46.Ra1 Nxd4 47.Be3 Rxe2+ 48.
Kd1 Rxe3 49.Qxe3 Qg4+ 50.Kc1 Qf4 51.Qxf4 Ne2+ 52.Kd2 Nxf4 53.Rxa3 Nxh5 54.
Ra8 Ng3 0-1

[Event "8th EUR-ch"]
[Site "Dresden GER"]
[Date "2007.04.14"]
[Round "11.112"]
[White "Boros, Denes"]
[Black "Zherebukh, Yaroslav"]
[Result "1/2-1/2"]
[WhiteElo "2501"]
[BlackElo "2365"]
[EventDate "2007.04.03"]
[PlyCount "68"]

1.e4 c5 2.Nf3 Nc6 3.d4 cxd4 4.Nxd4 Nf6 5.Nc3 e5 6.Ndb5 d6 7.Bg5 a6 8.Na3 
b5 9.Nd5 Be7 10.Bxf6 Bxf6 11.c4 b4 12.Nc2 Rb8 13.b3 a5 14.Be2 Bg5 15.O-O 
O-O 16.Qd3 Be6 17.Rad1 Rb7 18.h3 Rd7 19.Kh1 Kh8 20.Nde3 Nb8 21.Bg4 Na6 22.
Qe2 Nc5 23.Bxe6 fxe6 24.Ng4 h5 25.Nh2 g6 26.Nf3 Bh6 27.Nfe1 Qh4 28.Nd3 
Nxe4 29.Nxe5 Nxf2+ 30.Qxf2 Rxf2 31.Nxg6+ Kg7 32.Nxh4 Rxc2 33.Rfe1 Kf7 34.
Rf1+ Kg7 1/2-1/2

[Event "8th EUR-ch"]
[Site "Dresden GER"]
[Date "2007.04.14"]
[Round "11.113"]
[White "Richter, Michael"]
[Black "Nechepurenko, Roman"]
[Result "1/2-1/2"]
[WhiteElo "2396"]
[BlackElo "2501"]
[EventDate "2007.04.03"]
[PlyCount "96"]

1.d4 Nf6 2.c4 g6 3.Nc3 d5 4.Bg5 Ne4 5.Bh4 Nxc3 6.bxc3 dxc4 7.e3 Qd5 8.Be2 
Bf5 9.Nf3 Nc6 10.O-O Bg7 11.Nd2 Bd3 12.e4 Qa5 13.Bxd3 cxd3 14.Nb3 Qb5 15.
Rc1 Rd8 16.d5 Ne5 17.f4 Nc4 18.Qxd3 c6 19.Nd4 Qa6 20.dxc6 bxc6 21.Qe2 Rd7 
22.e5 O-O 23.Rb1 c5 24.Nb3 Rc8 25.Bf2 Rd5 26.Rfd1 Rxd1+ 27.Rxd1 Qb5 28.Rd5
e6 29.Rxc5 Rxc5 30.Bxc5 a6 31.Qd3 h5 32.h3 Qa4 33.Bb4 Qc6 34.Nc5 Nb6 35.
Qxa6 Bh6 36.a4 Bxf4 37.a5 Be3+ 38.Kh1 Bxc5 39.Bxc5 Qxc5 40.axb6 Qxc3 41.
Qa8+ Kg7 42.Qe4 Qb2 43.b7 Qb6 44.Qf3 Kg8 45.h4 Qb4 46.g3 Qe1+ 47.Kg2 Qxe5 
48.Qb3 Qe2+ 1/2-1/2

[Event "8th EUR-ch"]
[Site "Dresden GER"]
[Date "2007.04.14"]
[Round "11.114"]
[White "Pajeken, Wolfgang"]
[Black "Bromberger, Stefan"]
[Result "0-1"]
[WhiteElo "2346"]
[BlackElo "2495"]
[EventDate "2007.04.03"]
[PlyCount "68"]

1.Nf3 Nf6 2.c4 g6 3.Nc3 Bg7 4.g3 O-O 5.Bg2 d6 6.d4 Nbd7 7.O-O e5 8.e4 a6 
9.Qc2 exd4 10.Nxd4 Re8 11.Rd1 Rb8 12.h3 c5 13.Nde2 Ne5 14.b3 b5 15.cxb5 
axb5 16.f4 Nc6 17.Bb2 Qc7 18.Qd2 b4 19.Nd5 Nxd5 20.Bxg7 Nxf4 21.gxf4 Kxg7 
22.Qxd6 Qb6 23.e5 Re6 24.Qd2 c4+ 25.Nd4 c3 26.Qf2 Nxd4 27.Rxd4 Bb7 28.Rc4 
Bxg2 29.Kxg2 Rd8 30.Qxb6 Rxb6 31.a3 Rd2+ 32.Kf3 c2 33.Rc1 bxa3 34.R1xc2 a2
0-1

[Event "8th EUR-ch"]
[Site "Dresden GER"]
[Date "2007.04.14"]
[Round "11.117"]
[White "Beckhuis, Gernod"]
[Black "Cornette, Matthieu"]
[Result "0-1"]
[WhiteElo "2313"]
[BlackElo "2490"]
[EventDate "2007.04.03"]
[PlyCount "76"]

1.Nf3 Nf6 2.c4 e6 3.g3 b6 4.Bg2 Bb7 5.O-O Be7 6.Nc3 O-O 7.d4 Ne4 8.Bd2 f5 
9.d5 Bf6 10.Rc1 Na6 11.Be1 c5 12.b3 Nb4 13.a3 Bxc3 14.Rxc3 Qf6 15.Rc1 Na6 
16.dxe6 d5 17.cxd5 Rad8 18.Qc2 Bxd5 19.Nd2 Qxe6 20.Nxe4 fxe4 21.e3 Rfe8 
22.Rb1 Bc6 23.Bc3 Bb5 24.Qb2 Rd7 25.Rfd1 Bd3 26.Rbc1 Nc7 27.Rd2 Qf5 28.
Rcd1 Rf8 29.Be5 Ne6 30.Rxd3 Rxd3 31.Rxd3 exd3 32.f4 Rd8 33.Bf3 d2 34.Bd1 
Qd3 35.Kf2 Qe4 36.g4 Rd3 37.f5 Qxe3+ 38.Kg2 Qe4+ 0-1